| 000 | 00430nam a22001817a 4500 | ||
|---|---|---|---|
| 999 |
_c11806 _d11806 |
||
| 003 | OSt | ||
| 008 | 230130b ||||| |||| 00| 0 eng d | ||
| 020 | _a9789332565029 | ||
| 082 | _a658CEM | ||
| 100 | _aCERTO,Samuel C | ||
| 245 | _aModern Management Concepts and Skills | ||
| 250 | _a14th Ed | ||
| 260 |
_aUP _bPearson _c2019 |
||
| 300 | _a672 | ||
| 650 | _aModern Management | ||
| 700 | _aCERTO,TREVIS S | ||
| 942 |
_2ddc _cREF |
||